000
nam a22 7a 4500
999
_c
43975
_d
43975
003
OSt
005
20180415120427.0
008
180415b xxu||||| |||| 00| 0 eng d
040
_c
IIMT
100
_a
XIANG,ZHIGANG
245
_a
COMPUTER GRAPHICS(SCHAUM'S OUTLINE)
260
_a
NEW DELHI
_b
TMH
_c
2011
300
_a
407
942
_2
ddc
_c
01